000 01948cam a2200145 4500500
005 20251214004326.0
041 _afre
042 _adc
100 1 0 _aJuilliet, Clair
_eauthor
700 1 0 _aOlivier, Jean-Marc
_eauthor
245 0 0 _aDe Blériot à Airbus : Une histoire des industries aéronautiques européennes (1910-2024)
260 _bArmand Colin,
_c2025.
520 _aCet ouvrage raconte sur un siècle, de 1910 à 2024, l’extraordinaire aventure de l’aviation civile et militaire européenne. Il en dépeint les grandes phases, depuis le premier avion populaire, le Blériot XI, qui traverse la Manche le 23 janvier 1909, jusqu’à nos jours.Les auteurs, grands spécialistes de la question, proposent un panorama unique et décrivent les évolutions techniques, économiques et sociales de l’aéronautique au cours de l’histoire: après les deux guerres mondiales qui révèlent le rôle essentiel de l’arme aérienne, le réseau des grandes lignes transcontinentales et transatlantiques se met en place avec une démocratisation du transport aérien grâce au triomphe de l’avion à réaction. Au fil des décennies, les investissements gigantesques nécessaires pour la mise au point de nouveaux appareils aboutissent, dans le domaine civil, au duopole mondial Airbus-Boeing.L’aéronautique représente aujourd’hui une activité majeure en Europe. En outre, au-delà de la production d’avions et de la création de lignes aériennes, les aéroports constituent désormais de formidables enjeux économiques, sociaux et culturels, voire politiques.L’ouvrage offre une présentation et une analyse exceptionnelles de cet univers qui a fait de l’Europe occidentale le berceau de l’aéronautique, qui doit aujourd’hui affronter de nouveaux défis, économiques, sanitaires et environnementaux.
856 4 1 _uhttps://shs.cairn.info/de-bleriot-a-airbus--9782200629960?lang=fr&redirect-ssocas=7080
999 _c1568438
_d1568438